<?xml version="1.0" encoding="UTF-8"?>
<record
    xmlns:xsi="http://www.w3.org/2001/XMLSchema-instance"
    xsi:schemaLocation="http://www.loc.gov/MARC21/slim http://www.loc.gov/standards/marcxml/schema/MARC21slim.xsd"
    xmlns="http://www.loc.gov/MARC21/slim">

  <leader>02844nab a2200301uuc4500</leader>
  <controlfield tag="001">1361680</controlfield>
  <controlfield tag="005">20240705090844.0</controlfield>
  <controlfield tag="008">140305e20130105                    spa  </controlfield>
  <datafield tag="035" ind1=" " ind2=" ">
    <subfield code="a">1361680</subfield>
  </datafield>
  <datafield tag="040" ind1=" " ind2=" ">
    <subfield code="c">comduadb</subfield>
  </datafield>
  <datafield tag="041" ind1=" " ind2=" ">
    <subfield code="a">spa</subfield>
  </datafield>
  <datafield tag="100" ind1="1" ind2="0">
    <subfield code="a">Duque Duque, Vanesa Esmeralda</subfield>
    <subfield code="4">aut</subfield>
    <subfield code="e">aut</subfield>
    <subfield code="9">697005</subfield>
  </datafield>
  <datafield tag="245" ind1="1" ind2="0">
    <subfield code="a">Calidad de vida relacionada con la salud bucal en adultos mayores que consultan a la IPS Universitaria de Medell&#xED;n y sus factores asociados</subfield>
  </datafield>
  <datafield tag="520" ind1="3" ind2=" ">
    <subfield code="a">Introducci&#xF3;n y objetivo: Este estudio pretende analizar la relaci&#xF3;n existente entre la calidad de vida relacionada con la salud bucal (CVRSB) con indicadores de salud general y salud bucal autopercibida en la poblaci&#xF3;n adulta mayor que consulta a la IPS Universitaria y explorar los factores sociodemogr&#xE1;ficos asociados. Materiales y m&#xE9;todos: Estudio transversal en 100 adultos mayores que consultaron servicios de salud en la IPS (2012) mediante encuesta con informaci&#xF3;n sociodemogr&#xE1;fica, salud general y bucal.  Aplicaci&#xF3;n del instrumento OHIP-14 (Perfil de Impacto de la Salud Oral en la Calidad de Vida). Descripci&#xF3;n del OHIP-14 general y seg&#xFA;n diferentes variables sociodemogr&#xE1;ficas y de salud y c&#xE1;lculo de Razones de Prevalencia crudas y ajustadas mediante modelos multivariados. Resultados:Las mayores respuestas se concentraron en las opciones nunca o casi nunca, ocupando porcentajes superiores al 70%. Los peores indicadores de prevalencia se presentaron en mujeres, mayores de 75a&#xF1;os, bajo nivel educativo, estratos socioecon&#xF3;micos bajos y en la poblaci&#xF3;n soltera. En general un poco m&#xE1;s de la tercera parte reportaron 1 o m&#xE1;s impactos en las dimensiones de la calidad de vida, con un promedio de 0,86 (IC95% 0,53- 1,19) y un puntaje total de severidad de 7,61 (IC95% 5,98- 9,24). Conclusi&#xF3;n: Aunque en la mayor&#xED;a de la poblaci&#xF3;n encuestada, su condici&#xF3;n bucal no ejerc&#xED;a una influencia negativa en su calidad de vida, al analizar en profundidad se encontraron gradientes de desigualdad seg&#xFA;n factores sociodemogr&#xE1;ficos.</subfield>
  </datafield>
  <datafield tag="650" ind1=" " ind2=" ">
    <subfield code="a">Calidad de vida y salud</subfield>
    <subfield code="9">203154</subfield>
  </datafield>
  <datafield tag="650" ind1=" " ind2="7">
    <subfield code="a">Salud bucal</subfield>
    <subfield code="2">dcs</subfield>
    <subfield code="9">150799</subfield>
  </datafield>
  <datafield tag="650" ind1=" " ind2=" ">
    <subfield code="a">Percepci&#xF3;n de la salud</subfield>
    <subfield code="9">89913</subfield>
  </datafield>
  <datafield tag="650" ind1=" " ind2="7">
    <subfield code="a">Odontolog&#xED;a geri&#xE1;trica</subfield>
    <subfield code="2">dcs</subfield>
    <subfield code="9">56616</subfield>
  </datafield>
  <datafield tag="650" ind1=" " ind2=" ">
    <subfield code="a">IPS Universitaria. Universidad de Antioquia</subfield>
    <subfield code="9">28757</subfield>
  </datafield>
  <datafield tag="700" ind1="1" ind2="0">
    <subfield code="a">Tamayo Castrill&#xF3;n, Juliana</subfield>
    <subfield code="4">aut</subfield>
    <subfield code="e">aut</subfield>
    <subfield code="9">686350</subfield>
  </datafield>
  <datafield tag="700" ind1="1" ind2="0">
    <subfield code="a">Echeverri Cadavid, Paula Andrea</subfield>
    <subfield code="4">aut</subfield>
    <subfield code="e">aut</subfield>
    <subfield code="9">682045</subfield>
  </datafield>
  <datafield tag="700" ind1="1" ind2="0">
    <subfield code="a">Guti&#xE9;rrez Osorio, Alejandra Yulieth</subfield>
    <subfield code="4">aut</subfield>
    <subfield code="e">aut</subfield>
    <subfield code="9">701219</subfield>
  </datafield>
  <datafield tag="700" ind1="1" ind2="0">
    <subfield code="a">Sep&#xFA;lveda Correa, Daniela</subfield>
    <subfield code="4">aut</subfield>
    <subfield code="e">aut</subfield>
    <subfield code="9">682046</subfield>
  </datafield>
  <datafield tag="700" ind1="1" ind2="0">
    <subfield code="a">Giraldo Ramirez, Odilia</subfield>
    <subfield code="4">aut</subfield>
    <subfield code="e">aut</subfield>
    <subfield code="9">605545</subfield>
  </datafield>
  <datafield tag="700" ind1="1" ind2="0">
    <subfield code="a">Agudelo Su&#xE1;rez, Andr&#xE9;s Alonso</subfield>
    <subfield code="4">aut</subfield>
    <subfield code="e">aut</subfield>
    <subfield code="9">347970</subfield>
  </datafield>
  <datafield tag="773" ind1="0" ind2=" ">
    <subfield code="t">CES Odontolog&#xED;a. Instituto de Ciencias de la Salud (Medell&#xED;n)</subfield>
    <subfield code="g">Volumen 26, N&#xFA;mero 01, Enero-Junio 2013, p. 10-23</subfield>
    <subfield code="w">371333</subfield>
    <subfield code="x">22159185  E</subfield>
    <subfield code="0">112617</subfield>
  </datafield>
  <datafield tag="942" ind1=" " ind2=" ">
    <subfield code="c">ARIMP</subfield>
  </datafield>
  <datafield tag="999" ind1=" " ind2=" ">
    <subfield code="c">681827</subfield>
    <subfield code="d">681827</subfield>
  </datafield>
</record>
